| 000 | 00613nam a2200229Ia 4500 | ||
|---|---|---|---|
| 003 | OSt | ||
| 005 | 20230509095319.0 | ||
| 008 | 210423s2012 xx 000 0 und d | ||
| 020 | _a978-81-203-4609-3 | ||
| 040 | _cAL | ||
| 041 | _aeng | ||
| 082 | _a333.79 SAWN | ||
| 100 |
_aSAWHNEY (G S) _9100246 |
||
| 245 | _aNon-conventional energy resources | ||
| 260 |
_aNew Delhi _bPHI Learning Pvt Ltd _c2012 |
||
| 300 |
_axi,272 _bPB |
||
| 365 |
_b325 _cINR |
||
| 650 |
_aEconomics _9100247 |
||
| 650 |
_aNatural Resources & Energy _9100248 |
||
| 906 | _aenergy ; Non-conventional ; resources | ||
| 942 |
_2ddc _cBK |
||
| 999 |
_c165515 _d165515 |
||